Vista normal
Vista MARC
Entrada Materia (corporativa)
Número de registros utilizados en: 3
001 - CONTROL NUMBER
- control field: 82361
003 - CONTROL NUMBER IDENTIFIER
- control field: Co-BoUCM
005 - DATE AND TIME OF LATEST TRANSACTION
- control field: 20161130093044.0
008 - FIXED-LENGTH DATA ELEMENTS
- fixed length control field: 161130|| aca||aabn | a|a d
040 ## - CATALOGING SOURCE
- Original cataloging agency: Co-BoUCM
- Transcribing agency: Co-BoUCM
110 ## - HEADING--CORPORATE NAME
- Corporate name or jurisdiction name as entry element: Iglesia Católica
- General subdivision: Controversias
670 ## - SOURCE DATA FOUND
- Source citation: Work cat.: (Co-BoUCM)69766: Viva, Domenico 1648-1726 38036, Damnatae theses ab Alexandro VII., Innocentio XI. & Alexandro VIII. Necnon Jansenii ad theologicam trutinam revocatae ... De Jubilaeo, praesertim Anni Sancti ac de indulgentiis universim enchiridion, 1723